| 000 | 02400cam3a220051701 4500 | ||
|---|---|---|---|
| 001 | qce00828710 | ||
| 005 | 20190826094647.0 | ||
| 008 | 740326m19559999gw 000 0 ger u | ||
| 010 | _a 56003135 | ||
| 035 | _a(Sirsi) r17161 | ||
| 035 | _a(QCAT)lss00550148 | ||
| 035 | _a(UPRA)qce00828710 | ||
| 040 | _dUPRA | ||
| 050 |
_aQK711 _b.R83 |
||
| 245 | 0 | 0 |
_aHandbuch der Pflanzenphysiologie / _chrsg. von W. Ruhland in Gemeinschaft mit E. Ashby [et al.]. |
| 260 |
_aBerlin : _bSpringer, _c1955- |
||
| 300 |
_a v. : ill. ; 26 cm. _b v. : ill. ; 26 cm. _c v. : ill. ; 26 cm. |
||
| 500 | _aContributions in German or English; added t. p.: Encyclopedia of plant physiology. | ||
| 504 | _aIncludes bibliographies. | ||
| 650 | 0 |
_aPlant physiology. _6S640.1 |
|
| 700 | 1 |
_aRuhland, W. (Wilhelm), 1878-1960. _qRuhland, W. (Wilhelm), 1878-1960. _dRuhland, W. (Wilhelm), 1878-1960. _6A75036.1 |
|
| 740 | 0 | _aEncyclopedia of plant physiology. | |
| 949 |
_aQK711 _vVOL. 1 _wlcc _i-12493 _mMAIN _tBOOK _lON-SHELF |
||
| 949 |
_aQK711 _vVOL. 2 _wlcc _i-12494 _mMAIN _tBOOK _lON-SHELF |
||
| 949 |
_aQK711 _vVOL. 3 _wlcc _i-12495 _mMAIN _tBOOK _lON-SHELF |
||
| 949 |
_aQK711 _vVOL. 4 _wlcc _i-12496 _mMAIN _tBOOK _lON-SHELF |
||
| 949 |
_aQK711 _vVOL. 5 _wlcc _i-12497 _mMAIN _tBOOK _lON-SHELF |
||
| 949 |
_aQK711 _vVOL. 5 _wlcc _i-12498 _mMAIN _tBOOK _lON-SHELF |
||
| 949 |
_aQK711 _vVOL. 6 _wlcc _i-12499 _mMAIN _tBOOK _lON-SHELF |
||
| 949 |
_aQK711 _vVOL. 7 _wlcc _i-12500 _mMAIN _tBOOK _lON-SHELF |
||
| 949 |
_aQK711 _vVOL. 8 _wlcc _i-12501 _mMAIN _tBOOK _lON-SHELF |
||
| 949 |
_aQK711 _vVOL. 9 _wlcc _i-12502 _mMAIN _tBOOK _lON-SHELF |
||
| 949 |
_aQK711 _vVOL. 10 _wlcc _i-12503 _mMAIN _tBOOK _lON-SHELF |
||
| 949 |
_aQK711 _vVOL. 11 _wlcc _i-12504 _mMAIN _tBOOK _lON-SHELF |
||
| 949 |
_aQK711 _vVOL. 12 _wlcc _i-12505 _mMAIN _tBOOK _lON-SHELF |
||
| 949 |
_aQK711 _vVOL. 12 _wlcc _i-12506 _mMAIN _tBOOK _lON-SHELF |
||
| 949 |
_aQK711 _vVOL. 13 _wlcc _i-12507 _mMAIN _tBOOK _lON-SHELF |
||
| 949 |
_aQK711 _vVOL. 14 _wlcc _i-12508 _mMAIN _tBOOK _lON-SHELF |
||
| 949 |
_aQK711 _vVOL. 15 _wlcc _i-12509 _mMAIN _tBOOK _lON-SHELF |
||
| 949 |
_aQK711 _vVOL. 15 _wlcc _i-12510 _mMAIN _tBOOK _lON-SHELF |
||
| 949 |
_aQK711 _vVOL. 16 _wlcc _i-12511 _mMAIN _tBOOK _lON-SHELF |
||
| 949 |
_aQK711 _vVOL. 17 _wlcc _i-12512 _mMAIN _tBOOK _lON-SHELF |
||
| 949 |
_aQK711 _vVOL. 17 _wlcc _i-12513 _mMAIN _tBOOK _lON-SHELF |
||
| 949 |
_aQK711 _vVOL. 18 _wlcc _i-12514 _mMAIN _tBOOK _lON-SHELF |
||
| 004 | 17161 | ||
| 999 |
_c160751 _d160751 |
||